000 00407pam a2200157a 44500
008 230515b2004 xxu||||| |||| 00| 0 eng d
020 _a0-07-462101-7
041 _aENGLISH
082 _a664.001579
100 _a"""FRAZIER, WILLIAM C & WESTHOFF, D C """
245 _aFOOD MICROBIOLOGY
250 _aIV
260 _aNEW DELHI
_bTATA MCGRAW - HILL
_c2004
300 _aXVI+539
650 _aMICROBIOLOGY
999 _c566089
_d566089